000 00704nam a2200253 i 4500
003 DO-SdBNP
005 20250108071727.0
007 ta
008 250108b2016 dr ||||| |||| 00| 0 spa d
020 _a9788416762453
040 _aDO-SdBNP
_bspa
_cBNPHU
_erda
041 _hspa
082 4 _axxx
_bV145c
_222
100 _aValdez, Pedro Antonio
_eautor
_986357
245 1 0 _aCuervos sentimentales /
_cPedro Antonio Valdez
264 _aSanto Domingo :
_bAmargo RD,
_c2016
300 _a99 páginas ;
_c22 cm.
336 _2rdacontent
_atexto
_btxt
337 _2rdamedia
_asin mediación
_bn
338 _2rdacarrier
_avolumen
_bnc
590 _aInventariado, 2025/DG
910 _aDG
942 _2ddc
_cLBS1
999 _c57995
_d57995